| 000 | 00000cam 2200000zi 4500 |
| 001 | 9.962619 |
| 003 | CaOODSP |
| 005 | 20260507090246 |
| 006 | m o d f |
| 007 | cr bn||||||||| |
| 008 | 260507e20260506onc ol f000 0 eng d |
| 040 | |aCaOODSP|beng|erda|cCaOODSP |
| 041 | 0 |aeng|afre |
| 043 | |an-cn--- |
| 086 | 1 |aXB451-277/1-PDF |
| 110 | 1 |aCanada. |bParliament. |bHouse of Commons, |eissuing body. |
| 245 | 13|aAn Act to provide for the regulation of the online use of deepfakes and for related transparency measures = |bLoi prévoyant la réglementation de l’utilisation des hypertrucages en ligne et des mesures connexes relatives à la transparence. |
| 246 | 11|aLoi prévoyant la réglementation de l’utilisation des hypertrucages en ligne et des mesures connexes relatives à la transparence |
| 246 | 1 |iShort title: |aRegulating the Online Use of Deepfakes Act |
| 264 | 1|a[Ottawa] : |bHouse of Commons of Canada = Chambre des communes du Canada, |cMay 6, 2026. |
| 300 | |a1 online resource (ii, 5 pages). |
| 336 | |atext|btxt|2rdacontent |
| 337 | |acomputer|bc|2rdamedia |
| 338 | |aonline resource|bcr|2rdacarrier |
| 490 | 1 |aBill C-... ; |vBill C-277, 1st Session, 45th Parliament |
| 500 | |a"First Session, Forty-fifth Parliament, 3-4 Charles III, 2025-2026." |
| 500 | |a"First reading, May 6, 2026." |
| 500 | |a"Mr. Coteau." |
| 520 | |a"This enactment enacts the Regulating the Online Use of Deep fakes Act to regulate the online use and dissemination of deep fakes, to increase transparency and to protect individuals and their interests from significant harm. It also establishes an administrative monetary penalties scheme to promote compliancewith the Act"--Summary, page ii. |
| 546 | |aText in English and French. |
| 650 | 0|aDeepfakes|xLaw and legislation|zCanada. |
| 650 | 0|aInternet fraud|xLaw and legislation|zCanada. |
| 655 | 7|aLegislative bills|2lcgft |
| 788 | |tAn Act to provide for the regulation of the online use of deepfakes and for related transparency measures = |efre|w(CaOODSP)9.962620 |
| 830 | #0|aBill C-...|vBill C-277, 1st Session, 45th Parliament.|w(CaOODSP)9.500659 |
| 856 | 40|qPDF|s124 KB|uhttps://publications.gc.ca/collections/collection_2026/parl/XB451-277-1.pdf |
| 856 | 4 |qHTML|sN/A|uhttps://www.parl.ca/documentviewer/en/45-1/bill/C-277/first-reading |